| 000 | 00527nam a2200217 a 4500 | ||
|---|---|---|---|
| 999 |
_c6040 _d6040 |
||
| 001 | 6040 | ||
| 003 | BD-JhCC | ||
| 005 | 20180101123355.0 | ||
| 008 | 180101s1964 |||| |||| 00| 0 eng d | ||
| 035 | _a(BD-JhCC) | ||
| 040 |
_aBD-JhCC _dBD-JhCC |
||
| 041 | _aeng | ||
| 082 |
_a822.23 _bALE 1964 |
||
| 100 | _aAlexander, Peter | ||
| 245 |
_aShakespeare / _cPeter Alexander |
||
| 260 |
_aLondon : _bOxford University Press, _c1966 |
||
| 300 |
_a271 p. : _c18cm. |
||
| 650 | _aEnglish Drama | ||
| 942 |
_2ddc _cBK |
||